NBA easy quiz - Statistics

General Stats
  • This quiz has been taken 88 times
  • The average score is 6 of 7
Answer Stats
Question Answer % Correct
how did kobe die helicopter crash
100%
who was the chicago bulls big three from 1996 through 1998 michael jordan scottie pippin denis rodman
98%
who was the spurs big three Tim Duncan Manu Genobli Tony parker
98%
what nba teams have the most championships celtics lakers
96%
who i the all time leading scorer lebron james
96%
how many rings does micheal jordan have 6
93%
goat jordan
59%
No matching quizzes found
Score Distribution
Percent of People with Each Score
Percentile by Number Answered
Your Score History
You have not taken this quiz